MotoGP Constructors Champions - Statistics

General Stats
  • This quiz has been taken 120 times
  • The average score is 5 of 8
Answer Stats
Answer % Correct
Honda
100%
Ducati
98%
Yamaha
97%
Suzuki
82%
MV Agusta
55%
Gilera
25%
Norton
22%
A.J.S
14%
No matching quizzes found
Score Distribution
Percent of People with Each Score
Percentile by Number Answered
Your Score History
You have not taken this quiz